Зелені дні: Ірка (Запис № 394203)

МАРК-запис
000 -Лідер
fixed length control field 00722nam a22002537a 4500
001 - Контрольний номер
control field 108265
003 - Ідентифікатор контрольного номера
control field UA-OsUOA
005 - Дата та час останнього входження (трансакції)
control field 20200205205046.0
007 - Фіксоване поле фізичного опису
fixed length control field ta
008 - Елементи даних фіксованої довжини – загальна інформація
fixed length control field 20141014b un ||||| |||| 00| 0 ukr d
020 ## - Міжнародний стандартний книжковий номер (ISBN)
Міжнародний стандартний книжковий номер (ISBN) (НП) 9665624865
040 ## - Джерело каталогізації
Агенція оригінальної каталогізації UA-OsUOA
Мова каталогізації ukr
Агенція, яка здійснювала перезапис UA-OsUOA
Агенція, яка здійснювала модифікацію UA-OsUOA
041 ## - Код мови
Код мови тексту/ звукової доріжки чи окремого заголовка (П) ukr
080 ## - Індекс Універсальної десяткової класифікації
Індекс Універсальної десяткової класифікації (УДК) (НП) 821.161.2
090 ## - Локальний шифр розміщення
Класифікаційний індекс УДК 821.161.2
Авторський знак (НП) О-53
100 ## - Основне введення – ім’я особи
Ім’я особи (НП) Оленко Л.
245 ## - Відомості про назву
Назва (НП) Зелені дні: Ірка
Решта назви (НП) повість
260 ## - Публікація, розповсюдження і т.п. (Вихідні дані)
Місце публікації, розповсюдження і т.п. (П) К.
Ім’я/ наймення видавництва, розповсюджувача і т.п. (П) Філядельфія
Дата публікації, розповсюдження і т.п. (П) 1952
Ім’я/ наймення видавництва, розповсюджувача і т.п. (П) Київ
300 ## - Фізичний опис
Обсяг 128 с.
650 #7 - Додаткове предметне введення – тематичний термін
Тематичний термін чи географічна назва, як елемент введення (НП) 82 Література. Літературознавство
Джерело заголовка чи терміна UDC
942 ## - Додаткові елементи входу (Коха)
Тип елемента Koha Книги
Source of classification or shelving scheme Universal Decimal Classification
955 ## - Код типу видання за змістом
Код типу видання за змістом (НП) Літературно-художні видання
Фонди
Стан вилучень Стан втрат Джерело класифікації або схеми стелажів Стан уражень Не для кредиту Постійне місце розташування Поточне розміщення Дата придбання Інвентарний номер Усього замовленно Повний номер виклику Штрих-код Дата останнього перегляду Ціна ефективна від Тип елемента Koha Джерело придбання Вартість, звичайна ціна покупки
Withdrawn   Universal Decimal Classification     АБ - Абонемент НБ АБ - Абонемент НБ 20/11/2012 58489   821.161.2 О-53 58489 13/07/2019 20/11/2012 Книги    
Withdrawn   Universal Decimal Classification     АБ - Абонемент НБ АБ - Абонемент НБ 14/10/2014 146568   821.161.2 О-53 146568 13/07/2019 14/10/2014 Книги 37/2014 15.00
    Universal Decimal Classification     Наукова бібліотека ІДУД Наукова бібліотека ІДУД 16/12/2013 2135094   82-31 О-53 2135094 14/09/2019 16/12/2013 Книги 308/2013 1.00
    Universal Decimal Classification     Наукова бібліотека ІДУД Наукова бібліотека ІДУД 04/06/2015 2137974   82-3 О-53 2137974 15/09/2019 04/06/2015 Книги 323/2015 1.00